Principles of woodworking
Zapisane w:
| 1. autor: | |
|---|---|
| Format: | Książka |
| Język: | Undetermined |
| Wydane: |
Milwaukee
Pruce
1946
|
| Hasła przedmiotowe: | |
| Etykiety: |
Dodaj etykietę
Nie ma etykietki, Dołącz pierwszą etykiete!
|
| Thư viện lưu trữ: | Trung tâm Học liệu Trường Đại học Cần Thơ |
|---|
| LEADER | 00451nam a2200181Ia 4500 | ||
|---|---|---|---|
| 001 | CTU_11754 | ||
| 008 | 210402s9999 xx 000 0 und d | ||
| 082 | |a 674 | ||
| 082 | |b H677 | ||
| 100 | |a Herman Horth | ||
| 245 | 0 | |a Principles of woodworking | |
| 245 | 0 | |c Herman Horth | |
| 260 | |a Milwaukee | ||
| 260 | |b Pruce | ||
| 260 | |c 1946 | ||
| 650 | |a woodworking | ||
| 904 | |i Minh, 961102 | ||
| 980 | |a Trung tâm Học liệu Trường Đại học Cần Thơ | ||